Statistics for Fast Typing 1 to 100 Backwards

Click here to take the quiz!

General Stats

  • This quiz has been taken 327 times
  • The average score is 63 of 100

Answer Stats

Number% Correct
100
99%
99
99%
98
98%
97
97%
95
96%
96
96%
94
95%
91
94%
92
94%
93
94%
90
92%
87
91%
88
91%
89
91%
81
90%
82
90%
83
90%
84
90%
85
90%
86
90%
77
88%
78
88%
79
88%
80
88%
75
87%
76
87%
74
86%
72
85%
73
85%
71
83%
70
81%
69
80%
66
79%
67
79%
68
79%
64
78%
65
78%
61
77%
62
77%
63
77%
60
76%
57
75%
58
75%
59
75%
56
74%
55
73%
53
72%
54
72%
51
71%
52
71%
50
69%
49
66%
48
64%
45
63%
46
63%
47
63%
44
60%
42
59%
43
59%
41
58%
40
56%
39
55%
37
54%
38
54%
36
53%
34
52%
35
52%
33
51%
31
48%
32
48%
30
46%
28
41%
29
41%
26
39%
27
39%
24
38%
25
38%
23
37%
22
34%
20
33%
21
33%
17
32%
18
32%
19
32%
13
31%
14
31%
15
31%
16
31%
12
30%
11
28%
10
27%
8
26%
9
26%
5
25%
6
25%
7
25%
1
24%
4
24%
2
23%
3
23%

Score Distribution

Percentile by Number Answered

Percent of People with Each Score

Your Score History

You have not taken this quiz